| 000 | 00523nam a2200181Ia 4500 | ||
|---|---|---|---|
| 003 | GCL | ||
| 008 | 140319s9999 xx 000 0 eng d | ||
| 040 |
_aGCL / _cGCL |
||
| 082 | 0 | 4 |
_a015 _bN G |
| 100 | 1 | _aNORTON, PETER | |
| 245 | 1 | 0 |
_aTHE GREAT CONVERSATIONAL: A READER'S GUIDE TO GREAT BOOK OF THE WESTERN WORLD / _cNORTON, PETER |
| 260 |
_a[S.N] : _bENCYCLOPEDIA BRITANNICA,INC. ، _c1994 |
||
| 300 | _a100 P | ||
| 650 | 0 | 4 | _aBIBLIOGRAPHY, UNIVERSAL |
| 650 | 0 | 4 | _aBIBLIOGRAPHIES |
| 650 | 0 | 4 | _aBOOKS |
| 942 |
_2ddc _cBK |
||
| 999 |
_c10270 _d10270 |
||